000
00291nam a2200121Ia 4500
008
191201s2010 xx 000 0 und d
100
_a
NSE INDIA
245
0
_a
Handbook for NSDL -3 Core services
260
_a
N. Delhi
_b
NSE (NCFM)
_c
2010
300
_a
108
650
_a
NCFM
942
_2
ddc
_c
BK
999
_c
6659
_d
6659